ՀՀ Գիտությունների ազգային ակադեմիայի հիմնարար գիտական գրադարան  =   Fundamental Scientific Library of NAS RA

Cyrano de Bergerac : (Record no. 283269)

MARC details
000 -LEADER
fixed length control field 00530nam a2200193 u 4500
001 - CONTROL NUMBER
control field 000772200
003 - CONTROL NUMBER IDENTIFIER
control field AM-YeHGA
005 - DATE AND TIME OF LATEST TRANSACTION
control field 20250617143900.0
008 - FIXED-LENGTH DATA ELEMENTS--GENERAL INFORMATION
fixed length control field 101118s1939 fr r 000 0 fre d
040 ## - CATALOGING SOURCE
Original cataloging agency AM-YeHGA
041 0# - LANGUAGE CODE
Language code of text/sound track or separate title fre
090 ## - LOCALLY ASSIGNED LC-TYPE CALL NUMBER (OCLC); LOCAL CALL NUMBER (RLIN)
-- 284929
100 1# - MAIN ENTRY--PERSONAL NAME
Personal name Rostand, Edmond
245 10 - TITLE STATEMENT
Title Cyrano de Bergerac :
Remainder of title Comedie heroique en cinq actes /
Statement of responsibility, etc. Edmond Rostand.
260 ## - PUBLICATION, DISTRIBUTION, ETC.
Place of publication, distribution, etc. Paris :
Name of publisher, distributor, etc. L'Illustration,
Date of publication, distribution, etc. 1939.
300 ## - PHYSICAL DESCRIPTION
Extent [65] p.
440 #3 - SERIES STATEMENT/ADDED ENTRY--TITLE
Title La Petite Illustration.Theatre
Volume/sequential designation No. 454
650 14 - SUBJECT ADDED ENTRY--TOPICAL TERM
Topical term or geographic name entry element Theatre
Geographic subdivision France
Holdings
Withdrawn status Lost status Source of classification or shelving scheme Damaged status Not for loan Collection Home library Current library Date acquired Total checkouts Full call number Barcode Date last seen Price effective from Koha item type Public note
    Universal Decimal Classification     Merdinian Individual Collection Fundamental Scientific Library Fundamental Scientific Library 29/12/2016   Merd/1798 FL0175178 29/12/2016 29/12/2016 Գրքեր / Books ILL Non-Circ.


ՀՀ ԳԱԱ հիմնարար գիտական գրադարան
ՀՀ,Երևան 0019
Մարշալ Բաղրամյան 24/6
հեռախոս:(374-10) 52-47-50
Հետադարձ կապ

All site content, except where otherwise noted, is licensed under a
Creative Commons License